| 000 | 00583nam a22001697a 4500 | ||
|---|---|---|---|
| 005 | 20251108170826.0 | ||
| 008 | 250721s1998 xx 000 0 ara d | ||
| 082 | 1 | 4 | _a214.2/عبد |
| 100 | 1 | _aأبو صفية، عبد الوهاب | |
| 245 | 1 | 0 | _aالإعتدال في إثبات عذاب القبر و نعيمة من خلال الرد على كتاب حقيقة عذاب القبر / |
| 264 | 1 |
_aبيروت : _bدار البيارق، _c1998 1998. |
|
| 300 | _a228 | ||
| 650 | 1 | 7 | _aاليوم الآخر |
| 650 | 1 | 7 | _aعذاب القبر |
| 942 |
_2ddc _cBK |
||
| 999 |
_c49916 _d49916 |
||